Marketing módy bakalárska práca

Uložené v:
Podrobná bibliografia
Hlavný autor: Hajdúová, Enikő
Korporativný autor: Obchodná fakulta EU. Katedra marketingu
Ďalší autori: Chomová, Katarína, 1983-
Médium: Kniha
Jazyk:Slovak
Vydavateľské údaje: Bratislava 2015
Tagy: Pridať tag
Žiadne tagy, Buďte prvý, kto otaguje tento záznam!

MARC

LEADER 00000nbm a2200000 4500
001 0203330
005 20161212110144.4
041 0 |a slo 
044 |a SK 
245 1 0 |a Marketing módy  |b bakalárska práca  |c Enikő Hajdúová ; školiteľ: Katarína Chomová 
264 1 |a Bratislava  |c 2015 
300 |a 60 s. 
100 1 |a Hajdúová, Enikő 
700 1 |a Chomová, Katarína, 1983- 
710 2 |a Obchodná fakulta EU. Katedra marketingu